00361nam a2200109Ia 4500008004100000082001100041082000800052245014400060245001900204260001900223300000900242231017s9999 xx 000 0 und d a620.11 bZEM 0aModelling the Time to Corrosion Initiation for Concretes with Mineral Admixtures and/Or Corrosion Inhibitors in Chloride-Laden Environments 0cJerzy Zemajtis bJerzy Zemajtis c30cm